ADA dla zaawansowanychh
Na minha lista:
| Autor principal: | |
|---|---|
| Outros Autores: | , , |
| Formato: | Livro |
| Idioma: | polonês |
| Publicado em: |
Warszawa
Wyd. Naukowo-Techn.
1989
|
| Edição: | 1. wyd. |
| Tags: |
Sem tags, seja o primeiro a adicionar uma tag!
|
MARC
| LEADER | 00000nam a2200000 4500 | ||
|---|---|---|---|
| 001 | c035703 | ||
| 005 | 20221215130026.7 | ||
| 041 | 0 | |a pol | |
| 044 | |a PL | ||
| 245 | 1 | 0 | |a ADA dla zaawansowanychh |c A. Nico Habermann, Dewayne E. Perry ; [Z angl. prel.] Marek J. Lao, Zbigniew Jurkiewicz |
| 250 | |a 1. wyd. | ||
| 264 | 1 | |a Warszawa |b Wyd. Naukowo-Techn. |c 1989 | |
| 300 | |a 459 s. | ||
| 100 | 1 | |a Habermann, A. Nico | |
| 700 | 1 | |a Perry, Dewayne E. | |
| 700 | 1 | |a Lao, Marek J. | |
| 700 | 1 | |a Jurkiewicz, Zbigniew | |